000 00684nai a2200181Ia 4500
003 IN-BaIIA
008 211028c9999 xx s 000 0 eng d
022 _a0367-9950 (Print)
040 _cIIA Library
245 0 _aIRE Transactions on Electronic Computers
_h[eJournal]
260 _aNew York, USA
_bThe Institute of Electrical and Electronics Engineers, Inc. (IEEE)
310 _aBimonthly
362 _aEC-4(1); 1955 - EC-11(6); 1962
521 _bSubscribed through National Knowledge Resource Consortium (NKRC)
650 _aComputing and Processing
_948785
856 _uhttps://ieeexplore.ieee.org/servlet/opac?punumber=5407885
_yClick Here to Access eJournal
942 _cEJ
999 _c34915
_d34915